[Event "Chigorin Memorial 29th"]
[Site "St Petersburg"]
[Date "2022.10.26"]
[Round "5"]
[White "Barkasheva, Sofia"]
[Black "Garmash, Elizaveta"]
[Result "1-0"]
[WhiteElo "1676"]
[BlackElo "1423"]
[PlyCount "63"]
[EventDate "2022.10.22"]
[EventType "swiss"]
[EventRounds "9"]
[EventCountry "RUS"]
[SourceTitle "EXT 2024"]
[Source "ChessBase"]
[SourceDate "2023.10.10"]
[SourceVersion "1"]
[SourceVersionDate "2023.10.10"]
[SourceQuality "1"]

1. e4 c5 2. Nf3 d6 3. d4 cxd4 4. Nxd4 Nf6 5. Nc3 a6 6. h3 e5 7. Nde2 b5 8. Bg5 Be7 9. Bxf6 Bxf6 10. Qd5 Ra7 11. Qd3 Be6 12. Nd5 Rd7 13. 0-0-0 Bg5+ 14. Kb1 0-0 15. g4 Nc6 16. h4 Be7 17. g5 Qa5 18. Bh3 Bxh3 19. Qxh3 Rfd8 20. Rhg1 Bf8 21. h5 Ne7 22. h6 Nxd5 23. hxg7 Nb4 24. gxf8Q+ Kxf8 25. a3 Nxc2 26. Kxc2 Qa4+ 27. Kb1 Qxe4+ 28. Qd3 Qh4 29. Rh1 Qxf2 30. Rdf1 Qg2 31. Qxh7 Qxg5 32. Rhg1 1-0

[Event "St Petersburg Korchnoi Memorial op"]
[Site "St Petersburg"]
[Date "2019.08.21"]
[Round "8"]
[White "Garmash, Elizaveta"]
[Black "Kobak, Polina"]
[Result "0-1"]
[WhiteElo "1137"]
[BlackElo "1560"]
[PlyCount "134"]
[EventDate "2019.08.14"]
[EventType "swiss"]
[EventRounds "9"]
[EventCountry "RUS"]
[SourceTitle "CBM 192"]
[Source "ChessBase"]
[SourceDate "2019.10.31"]
[SourceVersion "1"]
[SourceVersionDate "2019.10.31"]
[SourceQuality "1"]

1. d4 d5 2. Nf3 Nf6 3. c4 c6 4. e3 e6 5. Nc3 Nbd7 6. b3 Bb4 7. Bd2 0-0 8. Be2 b6 9. 0-0 Bb7 10. Kh1 Bd6 11. Bd3 dxc4 12. Bxc4 e5 13. h3 a6 14. Rc1 b5 15. Be2 c5 16. dxe5 Nxe5 17. Nxe5 Bxe5 18. Qc2 Qe7 19. Rfd1 Rac8 20. Kg1 Bb8 21. Qf5 Qc7 22. f4 Qe7 23. g4 Ne4 24. Nxe4 Bxe4 25. Qh5 Bg6 26. Qg5 Qxg5 27. fxg5 Rfe8 28. Bf3 Be4 29. Kf2 Ba7 30. Ba5 Bxf3 31. Kxf3 Kf8 32. Rd7 Re7 33. Rcd1 c4 34. Bb4 Bc5 35. Rd8+ Re8 36. Rxe8+ Kxe8 37. Bxc5 Rxc5 38. bxc4 bxc4 39. Rc1 Kd7 40. Ke4 Kc6 41. a4 Kd6 42. Kd4 Rd5+ 43. Ke4 Kc5 44. h4 Rd2 45. Rf1 Rd7 46. Rc1 Kb4 47. a5 c3 48. Rb1+ Kxa5 49. Rb3 Rc7 50. Rb1 c2 51. Rc1 Kb4 52. Kd3 Kb3 53. Kd2 Rd7+ 54. Ke2 Kb2 55. Rh1 c1Q 56. Rxc1 Kxc1 57. e4 a5 58. e5 a4 59. h5 a3 60. g6 hxg6 61. hxg6 fxg6 62. Ke3 a2 63. e6 Re7 64. Kd3 a1Q 65. Kc4 Rc7+ 66. Kd5 Qa5+ 67. Kd6 Qc5# 0-1